000
00343 a2200157 4500
001
186087
020
_a
0-19-423011-2
040
_c
Magnum
100
_a
Nevile, Jill
240
1
0
_a
The picture of Dorian Gray
_l
ING
245
1
0
_a
The picture of Dorian Gray
300
_a
72
362
0
_a
2000
697
_a
LITERATURA INGLESA
942
_c
BK
999
_c
186087
_d
186087